The American west : a treasury of stories legends, narratives, songs and ballads of western america
Na minha lista:
| Autor principal: | |
|---|---|
| Formato: | Livro |
| Idioma: | Undetermined |
| Publicado em: |
New York, Estados Unidos
The World Publishing Company
1946
|
| Assuntos: | |
| Tags: |
Adicionar Tag
Sem tags, seja o primeiro a adicionar uma tag!
|
MARC
| LEADER | 00000nam a2200000Ia 4500 | ||
|---|---|---|---|
| 008 | 170316s9999 xx 000 0 und d | ||
| 040 | |a cru BVZT | ||
| 090 | |a 810 T-3a | ||
| 100 | |a Targ, William | ||
| 245 | 4 | |a The American west : a treasury of stories legends, narratives, songs and ballads of western america | |
| 260 | |a New York, Estados Unidos | ||
| 260 | |b The World Publishing Company | ||
| 260 | |c 1946 | ||
| 300 | |a 595 páginas | ||
| 650 | |a LITERATURA ESTADOUNIDENSE | ||
| 999 | |c 6209 |d 6209 | ||
| 942 | |c 15 D |h 810 T-3a |2 z | ||
